000 01179nam0a22003131 4500
001 v19\rc\1491489
005 20250618155629.0
035 _a(NLR Aleph) 004621018
090 _a3040867
_c3040867
100 _a20060620d1880 |||y0rusy50 ca
101 0 _arus
102 _aRU
105 _ay z |||||
200 1 _aО разных способах улучшения условий судоходности рек
_e(Ст. 2)
_f[С. Яницкий]
210 _aМосква
_cтип. Игнациус
_dценз. 1880
215 _a42 с.
_d27
300 _aАвт. указан в конце текста
300 _aСтатья 1-я вышла под загл.: "Записка о разных способах улучшения условий судоходности рек"
309 _aБез тит. л. и обл.
700 1 _aЯницкий
_bС.С.
_gСтанислав Станиславович
801 0 _aRU
_bNLR
_gpsbo
801 0 _aRU
_bRuMoRGB
_2psbo
801 1 _aRU
_bProSoft-M
_2rusmarc
852 _aNLR
_j18.134.2.49(ст. 2)
899 _aRuMoRGB
_jT 99/65
899 _aRuMoRGB
_jT 36/331
899 _aНБ МГУ
942 _cBOOK
980 _aNB